000 01258nam a2200241 a 4500
001 000020745
005 20240412074249.0
008 100322s2015 dr 000 j spa d
020 _a9789945460827
040 _aDO-SdBNP
_bspa
_cBNPHU
082 _aRD863.44
_bV443fe
100 1 _aVeloz Maggiolo, Marcio,
_d1936-2021
_91104
245 1 3 _aLa fértil agonía del amor /
_cMarcio Veloz Maggiolo ; edición Ana Isabel Peñate Leiva.
260 _aSanto Domingo :
_bEditorial Santuario,
_c2015.
300 _a144 p. ;
_c23 cm.
505 0 _aLa fértil agonía del amor --
_tSand on the Sea--
_tEl rescate --
_t¿Hombre o mujer? --
_tEl gallo de la pasión --
_tLa mujer de Honorio López --
_tLa pierna de M. Lavalette --
_tLa prensa matutina --
_tLa fortaleza --
_tHistoria del Ejercito Temporero --
_tLa fábula de Mercalio --
_tEl destino de Tacho--
_tEl coronel buenrostro --
_tEl oficio de los dermétidos --
_tEl nácar sobresaliente --
_tWaldorf --
_tLa cucaracha --
_tLa demecracia .
500 _aIncluye datos biográficos del autor en la solapa de la cubierta
586 _aPremio Nacional de Cuentos 1980
650 0 _aCuentos dominicanos
_9176
650 0 _aLiteratura dominicana.
_967
700 1 2 _aAna Isabel Peñate Leiva
_eedición
_943502
049 _aBNPD
999 _c20249
_d20249